Quiz Culture Générale #10 (Spécial Vrai ou faux) - Statistiques

Statistiques générales
  • Ce quiz a été pris 86 fois
  • Le résultat moyen est 9 sur 15
Statistiques - réponses
Question Réponse % Correct
Chaque année il y a environ 150 personnes qui meurent tuées par une noix de Coco ? Vrai
86%
Le latin est disponible dans le choix de langue des distributeurs à billet au Vatican Vrai
81%
La plus courte rue de Paris fait moins de 6m Vrai
81%
Miss France 1970 avait gagné son poids en vin d'Alsace pour son élection Vrai
81%
L'animal Kiwi vient d'Inde Faux
71%
Le Renard s'est toujours appelé comme ça Faux
71%
Le cœur des crevettes est situé dans leur tête Vrai
67%
En Chine, on mange KFC pour Noël Faux
62%
Il y a un monstre de Frankenstein qui tient un Whopper au dessus du Burger King des chutes du Niagara Vrai
57%
La couche d'Ozone se referme Vrai
57%
Il existe 4 livres dans l'univers des 3 mousquetaires (1 par mousquetaire + D'Artagnan) Faux
48%
M. Thiberville a légué 10 millions d'euros à la commune Thiberville car elle avait le même nom que lui. Vrai
43%
Les 90 ans de mariage correspondent aux noces de granit Vrai
38%
Au Brésil, tu peux réduire ta peine de prison en jouant aux échecs Faux
33%
L'arachnophobie touche 20% de la population Faux
24%
Aucun quiz correspondant
Distribution des résultats
% des personnes avec chaque résultat
Percentile par nombre de réponses
Votre historique - résultats
Vous n’avez pas pris ce quiz